000
00288nam a2200109Ia 4500
008
200302s9999 xx 000 0 und d
100
_a
Jonathan Bell & Other
245
_a
The New Modern House Redefining Functionalism
260
_b
Laurence King Publishing
260
_c
2010
300
_a
240
999
_c
3405
_d
3405